000
00202 a2200097 4500
001
32633
100
_a
Pandit, V L
245
_a
Brezhnev
260
_a
London
_b
Andrea Deutsch
_c
090
_c
21846
_d
21846
942
_a
NUST-CAE
_c
M
_c
13165
999
_c
267706
_d
267706